[Event "Titled Tuesday intern op 16th Apr Early"]
[Site "Chess.com INT"]
[Date "2024.04.16"]
[Round "7"]
[White "Gelman, Alexander"]
[Black "Thorhallsson, Simon"]
[Result "1-0"]
[WhiteElo "2403"]
[BlackElo "2173"]
[PlyCount "81"]
[EventDate "2024.04.16"]
[EventType "swiss (blitz)"]
[EventRounds "11"]
[EventCountry "USA"]
[SourceTitle "CB17_2024"]
[SourceDate "2024.04.24"]
[SourceVersion "1"]
[SourceVersionDate "2024.04.24"]
[SourceQuality "1"]

1. c4 Nf6 2. Nf3 e6 3. e3 d5 4. d3 dxc4 5. Qa4+ Bd7 6. Qxc4 Nc6 7. Nbd2 e5 8. a3 Be6 9. Qc2 Bd6 10. b4 a6 11. Bb2 0-0 12. Be2 Nd7 13. Rc1 Nb6 14. h4 h6 15. h5 f5 16. Nh4 Ne7 17. Ndf3 f4 18. e4 a5 19. b5 Nd7 20. d4 exd4 21. Nxd4 Bf7 22. Bc4 Ne5 23. Bxf7+ Rxf7 24. Rd1 Qe8 25. Qb3 Kh7 26. Rh3 a4 27. Qc2 Ra5 28. Kf1 Rxb5 29. Nxb5 Qxb5+ 30. Kg1 Nc4 31. e5+ Kg8 32. exd6 cxd6 33. Bc1 Nc6 34. Ng6 f3 35. Qe4 N6e5 36. Nxe5 Nxe5 37. Bf4 Qe2 38. Re1 Qa2 39. Bxe5 fxg2 40. Bd4 Rf8 41. Rg3 1-0

[Event "Titled Tuesday intern op 16th Apr Early"]
[Site "Chess.com INT"]
[Date "2024.04.16"]
[Round "5"]
[White "Modric, Nesa"]
[Black "Thorhallsson, Simon"]
[Result "1/2-1/2"]
[WhiteElo "2128"]
[BlackElo "2173"]
[PlyCount "56"]
[EventDate "2024.04.16"]
[EventType "swiss (blitz)"]
[EventRounds "11"]
[EventCountry "USA"]
[SourceTitle "CB17_2024"]
[SourceDate "2024.04.24"]
[SourceVersion "1"]
[SourceVersionDate "2024.04.24"]
[SourceQuality "1"]

1. e4 d5 2. exd5 Qxd5 3. Nc3 Qd6 4. d4 Nf6 5. Bc4 c6 6. Nge2 Bf5 7. Bf4 Qd8 8. 0-0 e6 9. Ng3 Bg6 10. Re1 Be7 11. Nce4 0-0 12. c3 Nbd7 13. Qe2 Nb6 14. Bb3 a5 15. a4 Nbd5 16. Be5 Qb6 17. Bxd5 cxd5 18. Nxf6+ Bxf6 19. Bxf6 gxf6 20. h4 h6 21. h5 Bh7 22. Qd2 Kg7 23. Re3 Qb3 24. Rc1 Rh8 25. Ne2 Bf5 26. Ng3 Bh7 27. Ne2 Bf5 28. Ng3 Bh7 1/2-1/2

[Event "Titled Tuesday intern op 16th Apr Early"]
[Site "Chess.com INT"]
[Date "2024.04.16"]
[Round "2"]
[White "Paiva, Henrique MA Alberg"]
[Black "Thorhallsson, Simon"]
[Result "1/2-1/2"]
[WhiteElo "2064"]
[BlackElo "2173"]
[PlyCount "133"]
[EventDate "2024.04.16"]
[EventType "swiss (blitz)"]
[EventRounds "11"]
[EventCountry "USA"]
[SourceTitle "CB17_2024"]
[SourceDate "2024.04.24"]
[SourceVersion "1"]
[SourceVersionDate "2024.04.24"]
[SourceQuality "1"]

1. e4 c5 2. Nf3 Nc6 3. b3 e5 4. Bb2 d6 5. Nc3 Nf6 6. Bb5 Bd7 7. 0-0 a6 8. Bxc6 Bxc6 9. Re1 b5 10. h3 b4 11. Ne2 Nxe4 12. d3 Nf6 13. d4 Bxf3 14. gxf3 cxd4 15. Nxd4 Qd7 16. f4 Be7 17. fxe5 dxe5 18. Rxe5 0-0 19. Nf5 Qxd1+ 20. Rxd1 Bd8 21. Bd4 Re8 22. Rxe8+ Nxe8 23. Bc5 a5 24. Rd7 Nf6 25. Rb7 Ne4 26. Bd4 Bf6 27. Bxf6 gxf6 28. Nh6+ Kg7 29. Nxf7 Kg6 30. f3 Nc3 31. Nd6 Rd8 32. Rb6 Nd5 33. Ra6 Nc7 34. Rc6 Ne6 35. Ne4 Kf5 36. c3 bxc3 37. Rxc3 Rd1+ 38. Kf2 Ra1 39. Rc2 Kf4 40. Ng3 f5 41. Ne2+ Kg5 42. Rc6 Nf4 43. h4+ Kxh4 44. Nxf4 Rxa2+ 45. Ne2 Kg5 46. Rc5 h5 47. Ke3 h4 48. Rc8 Ra3 49. Nd4 a4 50. Ne6+ Kf6 51. Rc6 Rxb3+ 52. Kf4 Rb4+ 53. Nd4+ Kf7 54. Ke5 h3 55. Rc7+ Kg6 56. Rc6+ Kh5 57. Rc8 Kg6 58. Rh8 a3 59. Rxh3 a2 60. Nc2 Rb1 61. Rg3+ Kf7 62. Kxf5 Rc1 63. Rh3 Rxc2 64. Rh1 Rb2 65. Ra1 Ke8 66. f4 Kf7 67. Kg5 1/2-1/2

[Event "Titled Tuesday intern op 16th Apr Early"]
[Site "Chess.com INT"]
[Date "2024.04.16"]
[Round "4"]
[White "Thorhallsson, Simon"]
[Black "Haug, Havard"]
[Result "0-1"]
[WhiteElo "2173"]
[BlackElo "2334"]
[PlyCount "80"]
[EventDate "2024.04.16"]
[EventType "swiss (blitz)"]
[EventRounds "11"]
[EventCountry "USA"]
[SourceTitle "CB17_2024"]
[SourceDate "2024.04.24"]
[SourceVersion "1"]
[SourceVersionDate "2024.04.24"]
[SourceQuality "1"]

1. e4 c6 2. d4 d5 3. e5 c5 4. dxc5 e6 5. Be3 Nd7 6. Bb5 Ne7 7. Nf3 a6 8. Ba4 Qa5+ 9. Nc3 Nf5 10. Bxd7+ Bxd7 11. Bd4 Nxd4 12. Nxd4 Qxc5 13. 0-0 Qc7 14. Qe2 Bc5 15. Rad1 0-0 16. Kh1 f6 17. exf6 Rxf6 18. Nf3 Raf8 19. Nb1 Qf4 20. c4 Bc6 21. Ne5 Bd6 22. Ng4 Rh6 23. Nxh6+ Qxh6 24. h3 d4 25. Kg1 Qf4 26. g3 Qh6 27. Rfe1 e5 28. Nd2 Qxh3 29. Ne4 Bb8 30. b4 b6 31. b5 Ba8 32. bxa6 Rf5 33. Qf1 Qg4 34. c5 bxc5 35. Qc4+ Kh8 36. Qe6 Qf3 37. Qe8+ Rf8 38. Qe6 Bxe4 39. Rxe4 Qxe4 40. Rb1 Qxb1+ 0-1

[Event "Titled Tuesday intern op 02nd Apr Early"]
[Site "Chess.com INT"]
[Date "2024.04.02"]
[Round "8"]
[White "Ebrahimi Herab, Hamidreza"]
[Black "Thorhallsson, Simon"]
[Result "1-0"]
[WhiteElo "2333"]
[BlackElo "2173"]
[PlyCount "79"]
[EventDate "2024.04.02"]
[EventType "swiss (blitz)"]
[EventRounds "11"]
[EventCountry "USA"]
[SourceTitle "CB15_2024"]
[SourceDate "2024.04.10"]
[SourceVersion "1"]
[SourceVersionDate "2024.04.10"]
[SourceQuality "1"]

1. d4 Nf6 2. c4 g6 3. Nc3 Bg7 4. e4 d6 5. Be2 0-0 6. Bg5 h6 7. Be3 e5 8. d5 Na6 9. Qd2 Nc5 10. f3 c6 11. h4 Nh5 12. 0-0-0 Qa5 13. Kb1 f5 14. dxc6 fxe4 15. Qd5+ Kh7 16. Qxd6 Ne6 17. cxb7 Bxb7 18. Qxe6 Rab8 19. Rd6 exf3 20. Qxg6+ Kh8 21. Nxf3 Bxf3 22. Bxf3 Qxc3 23. Qc2 Qxe3 24. Rd3 Qb6 25. Bxh5 e4 26. Rb3 Qf6 27. Re1 a5 28. Rxe4 a4 29. Rb5 Rxb5 30. cxb5 a3 31. Re1 axb2 32. Bf3 Rb8 33. h5 Qg5 34. b6 Qb5 35. b7 Qa5 36. Qc8+ Qd8 37. Qxd8+ Rxd8 38. a4 Kg8 39. a5 Bc3 40. a6 1-0

[Event "Titled Tuesday intern op 02nd Apr Early"]
[Site "Chess.com INT"]
[Date "2024.04.02"]
[Round "10"]
[White "Thorhallsson, Simon"]
[Black "Curi, Gabriel"]
[Result "1-0"]
[WhiteElo "2173"]
[BlackElo "2106"]
[PlyCount "41"]
[EventDate "2024.04.02"]
[EventType "swiss (blitz)"]
[EventRounds "11"]
[EventCountry "USA"]
[SourceTitle "CB15_2024"]
[SourceDate "2024.04.10"]
[SourceVersion "1"]
[SourceVersionDate "2024.04.10"]
[SourceQuality "1"]

1. e4 e6 2. d4 d5 3. e5 c5 4. c3 Nc6 5. Nf3 Bd7 6. Bd3 Rc8 7. 0-0 cxd4 8. Re1 Nge7 9. h4 dxc3 10. Nxc3 a6 11. h5 h6 12. Bf4 Na7 13. Nd4 Nec6 14. Nxc6 Nxc6 15. Qg4 Qb6 16. Nxd5 exd5 17. e6 Bxe6 18. Rxe6+ fxe6 19. Qxe6+ Be7 20. Bg6+ Kd8 21. Qxd5+ 1-0

[Event "Titled Tuesday intern op 02nd Apr Early"]
[Site "Chess.com INT"]
[Date "2024.04.02"]
[Round "3"]
[White "Thorhallsson, Simon"]
[Black "Yagupov, Igor"]
[Result "1/2-1/2"]
[WhiteElo "2173"]
[BlackElo "2275"]
[PlyCount "143"]
[EventDate "2024.04.02"]
[EventType "swiss (blitz)"]
[EventRounds "11"]
[EventCountry "USA"]
[SourceTitle "CB15_2024"]
[SourceDate "2024.04.10"]
[SourceVersion "1"]
[SourceVersionDate "2024.04.10"]
[SourceQuality "1"]

1. e4 c5 2. Nc3 Nc6 3. Bb5 Nd4 4. Nf3 e6 5. 0-0 a6 6. Bd3 Nc6 7. a3 g5 8. b4 g4 9. Ne1 h5 10. f4 cxb4 11. axb4 Bxb4 12. Bb2 Rh6 13. e5 f5 14. exf6 Nxf6 15. Qe2 Kf8 16. Ne4 Nxe4 17. Bxe4 Bc5+ 18. Kh1 Bd4 19. Bxd4 Nxd4 20. Qe3 Qf6 21. c3 Nf5 22. Bxf5 exf5 23. Nd3 d6 24. Nb4 Bd7 25. Qb6 Re8 26. Qxb7 Rh7 27. Qxa6 h4 28. Rfe1 h3 29. g3 Rhe7 30. Rxe7 Qxe7 31. Kg1 Kg7 32. Qd3 Kg6 33. Nd5 Qe2 34. Qxe2 Rxe2 35. Ne3 Rxd2 36. Rd1 Re2 37. Rxd6+ Kh5 38. Rxd7 Rxe3 39. Rg7 Rxc3 40. Rg5+ Kh6 41. Rxf5 Rc1+ 42. Kf2 Rh1 43. Rg5 Rxh2+ 44. Kf1 Rh1+ 45. Kf2 Rh2+ 46. Kf1 Ra2 47. Rxg4 h2 48. Rh4+ Kg6 49. g4 Kf6 50. Rh6+ Ke7 51. Rh3 Kd6 52. g5 Ke6 53. g6 Kf6 54. f5 Kxf5 55. g7 Ra1+ 56. Kg2 Rg1+ 57. Kxh2 Rxg7 58. Rg3 Ra7 59. Kg2 Kf4 60. Rf3+ Ke4 61. Rf2 Rg7+ 62. Kh2 Ke3 63. Ra2 Rg8 64. Ra3+ Ke4 65. Ra4+ Ke3 66. Ra3+ Ke4 67. Ra4+ Kf3 68. Ra3+ Kf2 69. Ra2+ Kf3 70. Ra3+ Kf2 71. Ra2+ Kf3 72. Ra3+ 1/2-1/2

[Event "Titled Tuesday intern op 09th May Early"]
[Site "Chess.com INT"]
[Date "2023.05.09"]
[Round "9"]
[White "Barbot, Pierre"]
[Black "Thorhallsson, Simon"]
[Result "0-1"]
[WhiteElo "2458"]
[BlackElo "2171"]
[PlyCount "108"]
[EventDate "2023.05.09"]
[EventType "swiss (blitz)"]
[EventRounds "11"]
[EventCountry "USA"]
[SourceTitle "CBM 214 Extra"]
[Source "ChessBase"]
[SourceDate "2023.07.31"]
[SourceVersion "1"]
[SourceVersionDate "2023.07.31"]
[SourceQuality "1"]

1. d4 Nf6 2. Nc3 d5 3. Bf4 c5 4. e3 cxd4 5. exd4 a6 6. Nf3 Nc6 7. Ne5 Bd7 8. Be2 e6 9. g4 Bb4 10. 0-0 Qb6 11. Be3 Qc7 12. f4 Bxc3 13. bxc3 Ne4 14. Bd3 Nxc3 15. Qf3 Ne4 16. c4 Nxe5 17. fxe5 Bc6 18. cxd5 exd5 19. Qf5 0-0 20. Rac1 Rae8 21. Rf3 g6 22. Qf4 Qd7 23. Rh3 f6 24. e6 Rxe6 25. Kh1 Ng5 26. Rh6 Qe7 27. Bxg6 hxg6 28. Rxg6+ Kh7 29. Qf5 Kh8 30. Rh6+ Kg8 31. Rg6+ Kh8 32. Rh6+ Kg8 33. Bxg5 fxg5 34. Rxe6 Qg7 35. Qg6 Qxg6 36. Rxg6+ Kh7 37. Rxg5 Rf4 38. Re5 Rxd4 39. g5 Rd2 40. h4 d4+ 41. Kg1 Rg2+ 42. Kf1 Rh2 43. Re7+ Kg6 44. Rce1 Rxh4 45. R1e5 d3 46. R7e6+ Kg7 47. g6 Rh1+ 48. Kf2 d2 49. Rd6 d1Q 50. Re7+ Kh6 51. Rxd1 Rxd1 52. g7 Kh7 53. Ke3 Rd7 54. Re8 Kxg7 0-1

[Event "Titled Tuesday intern op 09th May Early"]
[Site "Chess.com INT"]
[Date "2023.05.09"]
[Round "11"]
[White "Rios Escobar, Adan"]
[Black "Thorhallsson, Simon"]
[Result "1-0"]
[WhiteElo "2234"]
[BlackElo "2171"]
[PlyCount "109"]
[EventDate "2023.05.09"]
[EventType "swiss (blitz)"]
[EventRounds "11"]
[EventCountry "USA"]
[SourceTitle "CBM 214 Extra"]
[Source "ChessBase"]
[SourceDate "2023.07.31"]
[SourceVersion "1"]
[SourceVersionDate "2023.07.31"]
[SourceQuality "1"]

1. d4 Nf6 2. g3 g6 3. Bg2 Bg7 4. e4 0-0 5. Ne2 d6 6. 0-0 e5 7. Nbc3 Nc6 8. dxe5 dxe5 9. Bg5 h6 10. Qxd8 Rxd8 11. Bxf6 Bxf6 12. Nd5 Bg7 13. Nxc7 Rd2 14. Nxa8 Rxe2 15. Rac1 h5 16. Bf3 Rd2 17. Rfd1 Nd4 18. Bg2 Bh6 19. f4 Rxd1+ 20. Rxd1 Bg4 21. Rd2 Kg7 22. Kf2 Ne6 23. Rd7 exf4 24. Rxb7 fxg3+ 25. hxg3 Bg5 26. Nc7 Nc5 27. Rxa7 Bd8 28. b4 Nd7 29. c4 Ne5 30. Bf1 Nc6 31. Rb7 Bc8 32. Rb6 Bd7 33. Nd5 Bxb6+ 34. Nxb6 Nxb4 35. Nxd7 Nxa2 36. c5 Nb4 37. Bb5 f6 38. c6 Nxc6 39. Bxc6 Kf7 40. Nc5 Ke7 41. Nd3 Kd6 42. Be8 f5 43. Bxg6 fxe4 44. Bxe4 Ke6 45. Kf3 Kf6 46. Kf4 Kg7 47. Kg5 h4 48. Kxh4 Kh8 49. Kg5 Kg7 50. Ne5 Kh8 51. Kg6 Kg8 52. Nf7 Kf8 53. Kf6 Kg8 54. Bf5 Kf8 55. Bh7 1-0

[Event "Titled Tuesday intern op 09th May Early"]
[Site "Chess.com INT"]
[Date "2023.05.09"]
[Round "8"]
[White "Thorhallsson, Simon"]
[Black "Mazurkiewicz, Michal"]
[Result "1-0"]
[WhiteElo "2171"]
[BlackElo "2145"]
[PlyCount "85"]
[EventDate "2023.05.09"]
[EventType "swiss (blitz)"]
[EventRounds "11"]
[EventCountry "USA"]
[SourceTitle "CBM 214 Extra"]
[Source "ChessBase"]
[SourceDate "2023.07.31"]
[SourceVersion "1"]
[SourceVersionDate "2023.07.31"]
[SourceQuality "1"]

1. e4 d6 2. d4 Nf6 3. Nc3 c6 4. f4 Qb6 5. e5 Nd5 6. Nxd5 cxd5 7. c3 Bf5 8. Bd3 g6 9. Bxf5 gxf5 10. Qd3 e6 11. Nf3 Nc6 12. 0-0 Be7 13. Kh1 0-0 14. g4 fxg4 15. Rg1 Kh8 16. Rxg4 Rg8 17. Rg3 Rg6 18. f5 exf5 19. Qxf5 dxe5 20. dxe5 Qf2 21. Bd2 Rag8 22. Rag1 Bh4 23. Be1 Bxg3 24. Bxf2 Bxf2 25. Rxg6 Rxg6 26. Qxf7 Bc5 27. h4 Rg8 28. h5 Be7 29. h6 Rf8 30. Qh5 Kg8 31. Qg4+ Kf7 32. Ng5+ Ke8 33. Ne6 Rf7 34. Qg8+ Bf8 35. Nxf8 Rxf8 36. Qxh7 Rf1+ 37. Kg2 Re1 38. Qg8+ Kd7 39. h7 Nxe5 40. h8Q Re2+ 41. Kf1 Rf2+ 42. Kxf2 Nd3+ 43. Ke3 1-0

[Event "Titled Tuesday intern op 09th May Early"]
[Site "Chess.com INT"]
[Date "2023.05.09"]
[Round "1"]
[White "Thorhallsson, Simon"]
[Black "Yonal, Timur"]
[Result "0-1"]
[WhiteElo "2171"]
[BlackElo "2039"]
[PlyCount "104"]
[EventDate "2023.05.09"]
[EventType "swiss (blitz)"]
[EventRounds "11"]
[EventCountry "USA"]
[SourceTitle "CBM 214 Extra"]
[Source "ChessBase"]
[SourceDate "2023.07.31"]
[SourceVersion "1"]
[SourceVersionDate "2023.07.31"]
[SourceQuality "1"]

1. e4 c5 2. Nc3 d6 3. d4 cxd4 4. Qxd4 Nf6 5. b3 Nc6 6. Qd2 g6 7. Bb2 Bg7 8. 0-0-0 0-0 9. Kb1 a6 10. f3 b5 11. h4 h5 12. g4 hxg4 13. h5 Nxh5 14. Rxh5 gxh5 15. Qg5 Ne5 16. f4 Ng6 17. Qxh5 e5 18. f5 Qh4 19. Qxh4 Nxh4 20. Rxd6 Bb7 21. Bd3 Rad8 22. Rxd8 Rxd8 23. Nge2 b4 24. Nd1 Ng2 25. Nf2 Nf4 26. Nxf4 exf4 27. Nxg4 Bxb2 28. Kxb2 f3 29. Kc1 Kg7 30. Nf2 Kf6 31. Kd2 Rg8 32. Ke3 Ke5 33. Kxf3 f6 34. Ng4+ Rxg4 35. Kxg4 Bxe4 36. Bxa6 Bxf5+ 37. Kf3 Bxc2 38. Bc4 Bb1 39. Ke3 Bxa2 40. Kf3 Bb1 41. Ke3 f5 42. Bf7 f4+ 43. Kd2 Kd4 44. Bc4 Be4 45. Ke2 Bd5 46. Ba6 Bxb3 47. Kf3 Bc4 48. Bb7 Bd5+ 49. Bxd5 Kxd5 50. Kxf4 b3 51. Ke3 b2 52. Kd2 b1Q 0-1

[Event "Titled Tuesday intern op 28th Feb Early"]
[Site "Chess.com INT"]
[Date "2023.02.28"]
[Round "10"]
[White "Kvaloy, Aksel Bu"]
[Black "Thorhallsson, Simon"]
[Result "1/2-1/2"]
[WhiteElo "2255"]
[BlackElo "2171"]
[PlyCount "65"]
[EventDate "2023.02.28"]
[EventType "swiss (blitz)"]
[EventRounds "11"]
[EventCountry "USA"]
[SourceTitle "CBM 213 Extra"]
[Source "ChessBase"]
[SourceDate "2023.05.31"]
[SourceVersion "1"]
[SourceVersionDate "2023.05.31"]
[SourceQuality "1"]

1. d4 Nf6 2. c4 g6 3. Nc3 Bg7 4. Nf3 0-0 5. Bg5 c5 6. e3 cxd4 7. exd4 d5 8. Bxf6 Bxf6 9. Nxd5 Bg7 10. Be2 Nc6 11. 0-0 Bg4 12. Nc3 Bxf3 13. Bxf3 Nxd4 14. Re1 e6 15. b3 Qa5 16. Rc1 Rad8 17. Kh1 Nb5 18. Nxb5 Rxd1 19. Rexd1 Qxa2 20. Kg1 Qxb3 21. Bxb7 a5 22. Nd6 a4 23. c5 Be5 24. c6 Bxd6 25. Rxd6 a3 26. c7 Qxb7 27. Rd8 Qc8 28. Rxc8 Rxc8 29. h4 h5 30. g3 Kf8 31. Ra1 Rxc7 32. Rxa3 Rc4 33. Kg2 1/2-1/2

[Event "Titled Tuesday intern op 28th Feb Early"]
[Site "Chess.com INT"]
[Date "2023.02.28"]
[Round "2"]
[White "Mesa Cruz, Juan Carlos"]
[Black "Thorhallsson, Simon"]
[Result "0-1"]
[WhiteElo "2145"]
[BlackElo "2171"]
[PlyCount "74"]
[EventDate "2023.02.28"]
[EventType "swiss (blitz)"]
[EventRounds "11"]
[EventCountry "USA"]
[SourceTitle "CBM 213 Extra"]
[Source "ChessBase"]
[SourceDate "2023.05.31"]
[SourceVersion "1"]
[SourceVersionDate "2023.05.31"]
[SourceQuality "1"]

1. e4 c5 2. Nf3 e6 3. c3 d5 4. exd5 Qxd5 5. Na3 Nf6 6. d4 cxd4 7. Nb5 Na6 8. Qxd4 Qxd4 9. Nfxd4 Be7 10. Bf4 0-0 11. f3 Nd5 12. Bd2 Bd7 13. Bd3 Nc5 14. Bc2 a6 15. Na3 Na4 16. Bxa4 Bxa4 17. Nc4 Rfd8 18. 0-0 Rac8 19. Ne3 e5 20. Ndf5 Bf8 21. Nxd5 Rxd5 22. Be3 Bd7 23. Ng3 Be6 24. Rfd1 Rcd8 25. Rxd5 Rxd5 26. Kf2 f5 27. f4 exf4 28. Bxf4 Bc5+ 29. Kf3 Rd3+ 30. Ke2 Bc4 31. b3 Rxg3+ 32. bxc4 Rxg2+ 33. Kf3 Rc2 34. Be5 g5 35. h3 h5 36. Rd1 Rf2+ 37. Kg3 h4# 0-1

[Event "Titled Tuesday intern op 20th Dec Early"]
[Site "Chess.com INT"]
[Date "2022.12.20"]
[Round "4"]
[White "Silva, Pedro Gil Ferreira"]
[Black "Thorhallsson, Simon"]
[Result "1/2-1/2"]
[WhiteElo "2237"]
[BlackElo "2171"]
[PlyCount "74"]
[EventDate "2022.12.20"]
[EventType "swiss (blitz)"]
[EventRounds "11"]
[EventCountry "USA"]
[SourceTitle "EXT 2024"]
[Source "ChessBase"]
[SourceDate "2023.10.10"]
[SourceVersion "1"]
[SourceVersionDate "2023.10.10"]
[SourceQuality "1"]

1. c4 Nf6 2. Nf3 e6 3. g3 d5 4. Bg2 dxc4 5. 0-0 c5 6. Qa4+ Bd7 7. Qxc4 Bc6 8. Nc3 Nbd7 9. d3 Be7 10. a3 0-0 11. b4 cxb4 12. axb4 Rc8 13. Qb3 a6 14. b5 axb5 15. Nxb5 Nc5 16. Qb1 Nd5 17. Bd2 Bf6 18. Ra2 Ra8 19. Rxa8 Qxa8 20. e4 Nb6 21. Nbd4 Nba4 22. Nxc6 bxc6 23. d4 Rb8 24. Qe1 Nb3 25. e5 Be7 26. Be3 Bb4 27. Qe2 Nc3 28. Qd3 Qa2 29. Ng5 g6 30. Ne4 Nxe4 31. Qxe4 Nd2 32. Bxd2 Bxd2 33. Qxc6 Rb1 34. Qf3 Rxf1+ 35. Bxf1 Qa1 36. d5 Qxe5 37. dxe6 Qxe6 1/2-1/2

[Event "Titled Tuesday intern op 20th Dec Early"]
[Site "Chess.com INT"]
[Date "2022.12.20"]
[Round "7"]
[White "Thorhallsson, Simon"]
[Black "Hoffmann, Asa"]
[Result "0-1"]
[WhiteElo "2171"]
[BlackElo "2185"]
[PlyCount "124"]
[EventDate "2022.12.20"]
[EventType "swiss (blitz)"]
[EventRounds "11"]
[EventCountry "USA"]
[SourceTitle "EXT 2024"]
[Source "ChessBase"]
[SourceDate "2023.10.10"]
[SourceVersion "1"]
[SourceVersionDate "2023.10.10"]
[SourceQuality "1"]

1. Nf3 d6 2. c4 e5 3. d4 Nd7 4. Nc3 Ngf6 5. e4 c6 6. Be2 Be7 7. 0-0 0-0 8. h3 Re8 9. d5 Nc5 10. Nd2 a5 11. b3 Nfd7 12. Bb2 Bg5 13. Nf3 Bh6 14. Bc1 Bxc1 15. Rxc1 Nf6 16. Nd2 Qe7 17. a3 Bd7 18. b4 axb4 19. axb4 Na6 20. Qb3 c5 21. b5 Nb4 22. Ra1 h5 23. Na4 Qd8 24. Nc3 Qc7 25. Rxa8 Rxa8 26. f4 exf4 27. Rxf4 Ra1+ 28. Rf1 Rxf1+ 29. Nxf1 Qd8 30. Qd1 Qe7 31. Bf3 Qe5 32. Qd2 g5 33. Ne3 Qd4 34. Nb1 Nd3 35. Kh1 Ne5 36. Qxd4 cxd4 37. Nc2 d3 38. Nb4 g4 39. hxg4 hxg4 40. Bd1 Nxe4 41. Kg1 Bf5 42. Na2 g3 43. Nac3 Nxc4 44. Nxe4 Bxe4 45. Nc3 f5 46. Kf1 Ne3+ 47. Kg1 Nxd5 48. Nxd5 Bxd5 49. Kf1 b6 50. Ke1 Bc4 51. Kd2 Bxb5 52. Bf3 Kg7 53. Ke3 Kf6 54. Kf4 d2 55. Kxg3 Ke5 56. Kf2 Ba4 57. Ke3 d1R 58. Bxd1 Bxd1 59. Kf2 d5 60. g3 d4 61. Kg2 Bg4 62. Kf2 Ke4 0-1

[Event "Titled Tuesday intern op 20th Dec Early"]
[Site "Chess.com INT"]
[Date "2022.12.20"]
[Round "10"]
[White "Thorhallsson, Simon"]
[Black "Vlassov, Nikolai"]
[Result "0-1"]
[WhiteElo "2171"]
[BlackElo "2283"]
[PlyCount "38"]
[EventDate "2022.12.20"]
[EventType "swiss (blitz)"]
[EventRounds "11"]
[EventCountry "USA"]
[SourceTitle "EXT 2024"]
[Source "ChessBase"]
[SourceDate "2023.10.10"]
[SourceVersion "1"]
[SourceVersionDate "2023.10.10"]
[SourceQuality "1"]

1. e4 Nc6 2. Nf3 d5 3. exd5 Qxd5 4. Nc3 Qa5 5. Bc4 Bg4 6. h3 Bh5 7. g4 Bg6 8. d4 0-0-0 9. Bd2 Nxd4 10. Nd5 Qc5 11. Ne3 Be4 12. Be2 Bxc2 13. Nxc2 Nxc2+ 14. Kf1 Nxa1 15. Qxa1 Nf6 16. Kg2 e5 17. b4 Qd5 18. Qxe5 Qxe5 19. Nxe5 Rxd2 0-1

[Event "Titled Tuesday intern op 13th Dec Early"]
[Site "Chess.com INT"]
[Date "2022.12.13"]
[Round "6"]
[White "Czopor, Maciej"]
[Black "Thorhallsson, Simon"]
[Result "1-0"]
[WhiteElo "2412"]
[BlackElo "2171"]
[PlyCount "57"]
[EventDate "2022.12.13"]
[EventType "swiss (blitz)"]
[EventRounds "11"]
[EventCountry "USA"]
[SourceTitle "EXT 2024"]
[Source "ChessBase"]
[SourceDate "2023.10.10"]
[SourceVersion "1"]
[SourceVersionDate "2023.10.10"]
[SourceQuality "1"]

1. c4 Nf6 2. Nc3 g6 3. e4 d6 4. d4 Bg7 5. f4 0-0 6. Nf3 c5 7. d5 e6 8. Be2 exd5 9. cxd5 b5 10. e5 dxe5 11. fxe5 Ng4 12. Bg5 Qa5 13. 0-0 Nxe5 14. d6 Bb7 15. Nd5 Nbd7 16. Nxe5 Bxe5 17. Bf3 Kh8 18. Be7 Rg8 19. Bg4 f5 20. Bf3 Bd4+ 21. Kh1 Rae8 22. Qc1 c4 23. Qf4 Bg7 24. Nc7 Bxf3 25. Rxf3 Be5 26. Qh4 Rc8 27. Ne6 c3 28. Qxh7+ Kxh7 29. Rh3# 1-0

[Event "Titled Tuesday intern op 13th Dec Early"]
[Site "Chess.com INT"]
[Date "2022.12.13"]
[Round "11"]
[White "Thorhallsson, Simon"]
[Black "Albertini, Luca"]
[Result "1-0"]
[WhiteElo "2171"]
[BlackElo "2079"]
[PlyCount "81"]
[EventDate "2022.12.13"]
[EventType "swiss (blitz)"]
[EventRounds "11"]
[EventCountry "USA"]
[SourceTitle "EXT 2024"]
[Source "ChessBase"]
[SourceDate "2023.10.10"]
[SourceVersion "1"]
[SourceVersionDate "2023.10.10"]
[SourceQuality "1"]

1. Nf3 d5 2. g3 Nf6 3. Bg2 c5 4. 0-0 Nc6 5. d4 e6 6. c4 cxd4 7. Nxd4 Bc5 8. Nb3 Bb6 9. cxd5 exd5 10. Nc3 Be6 11. Bg5 d4 12. Ne4 h6 13. Nxf6+ gxf6 14. Bf4 Rc8 15. Rc1 Qd7 16. Qd2 h5 17. h4 Bh3 18. Nc5 Qf5 19. Nxb7 0-0 20. Nd6 Qe6 21. Nxc8 Rxc8 22. Bxh3 Qxh3 23. b4 Ne7 24. Rxc8+ Qxc8 25. Rc1 Qe6 26. Bc7 Ng6 27. Bxb6 axb6 28. Qxd4 Qxe2 29. Qxf6 Qg4 30. Re1 Nf8 31. Re5 Ne6 32. Rxe6 fxe6 33. Qg5+ Qxg5 34. hxg5 b5 35. Kg2 Kf7 36. Kh3 e5 37. Kh4 Kg6 38. f3 Kf5 39. Kxh5 e4 40. fxe4+ Kxe4 41. g6 1-0

[Event "Titled Tuesday intern op 13th Dec Early"]
[Site "Chess.com INT"]
[Date "2022.12.13"]
[Round "1"]
[White "Thorhallsson, Simon"]
[Black "Mikhailovsky, Vladimir"]
[Result "0-1"]
[WhiteElo "2171"]
[BlackElo "2215"]
[PlyCount "78"]
[EventDate "2022.12.13"]
[EventType "swiss (blitz)"]
[EventRounds "11"]
[EventCountry "USA"]
[SourceTitle "EXT 2024"]
[Source "ChessBase"]
[SourceDate "2023.10.10"]
[SourceVersion "1"]
[SourceVersionDate "2023.10.10"]
[SourceQuality "1"]

1. Nf3 d6 2. c4 Nf6 3. g3 g6 4. Bg2 Bg7 5. 0-0 0-0 6. d4 Bf5 7. b3 c5 8. Bb2 Nc6 9. d5 Na5 10. Nbd2 a6 11. Re1 b5 12. e4 Bg4 13. Qc2 Bxf3 14. Nxf3 bxc4 15. bxc4 Rb8 16. Rab1 Nd7 17. Bxg7 Kxg7 18. Rxb8 Nxb8 19. e5 Nd7 20. Qc3 Nxe5 21. Nxe5 dxe5 22. Qxe5+ Kg8 23. Qxe7 Nxc4 24. Qxc5 Nd6 25. Qc6 Qa5 26. Rb1 Rd8 27. Rb6 Qxa2 28. Rxa6 Qb1+ 29. Bf1 Ne4 30. Ra8 Rxa8 31. Qxa8+ Kg7 32. Qe8 Qe1 33. Qe5+ Kg8 34. Qe8+ Kg7 35. Qe5+ f6 36. Qe7+ Kh6 37. Qf8+ Kg5 38. h4+ Kh5 39. g4+ Kxg4 0-1

[Event "Titled Tuesday intern op 13th Dec Early"]
[Site "Chess.com INT"]
[Date "2022.12.13"]
[Round "3"]
[White "Thorhallsson, Simon"]
[Black "Tharushi, THD Niklesha"]
[Result "1-0"]
[WhiteElo "2171"]
[BlackElo "1581"]
[PlyCount "61"]
[EventDate "2022.12.13"]
[EventType "swiss (blitz)"]
[EventRounds "11"]
[EventCountry "USA"]
[SourceTitle "EXT 2024"]
[Source "ChessBase"]
[SourceDate "2023.10.10"]
[SourceVersion "1"]
[SourceVersionDate "2023.10.10"]
[SourceQuality "1"]

1. Nf3 d5 2. g3 Nf6 3. Bg2 c5 4. 0-0 Nc6 5. d4 c4 6. b3 b5 7. bxc4 bxc4 8. Ne5 Bb7 9. Na3 e6 10. Nxc6 Bxc6 11. Nxc4 Bb4 12. Ne5 Qc7 13. Bf4 Bd6 14. c4 Nd7 15. Nxc6 Qxc6 16. cxd5 exd5 17. Rc1 Qb6 18. Bxd5 Rd8 19. Rc6 Qb5 20. Rxd6 0-0 21. Bc6 Qb4 22. Rxd7 Rxd7 23. Bxd7 Rd8 24. Qa4 Qxa4 25. Bxa4 Rxd4 26. Bb3 a5 27. Rc1 h6 28. Rc8+ Kh7 29. Bxf7 g5 30. Be5 Rd1+ 31. Kg2 1-0